000
00425nam a2200133Ia 4500
008
100328s9999 xx 000 0 und d
082
_b
39721
100
_a
बेडेकर विश्राम
245
_a
वाजे पाऊल आपुले
260
_b
पॉप्युलर
630
_a
वाजे पाऊल आपुले
730
_a
वाजे पाऊल आपुले
942
_c
BOOK
999
_c
528607
_d
528604